000 01083cam a22002897a 4500
001 14067145
003 ARRUPE
005 20140212125233.0
008 050808s2004 gauab bf 000 0 eng d
010 _a 2005299475
035 _a(OCoLC)ocm60573894
040 _aJQW
_cJQW
_dDLC
042 _alccopycat
050 0 0 _aRA643.8
_b.B68 2006
100 1 _aBourke, Dale Hanson.
_98619
245 1 4 _aThe skeptics guide to the global AIDS crisis :
_btough questions, direct answers /
_cDale Hanson Bourke.
250 _arevised edition
260 _aColarado Springs
_c2006
300 _a104p.
_c22 cm.
500 _aIncludes bibliographical references (p. 84-85).
650 0 _aAIDS (Disease)
_xEpidemiology
_vHandbooks, manuals, etc.
_98620
650 0 _aAIDS (Disease)
_vHandbooks, manuals, etc.
_98621
650 0 _aWorld health
_vHandbooks, manuals, etc.
_98622
906 _a7
_bcbc
_ccopycat
_d2
_encip
_f20
_gy-gencatlg
942 _2lcc
_cMONOGRAPH
999 _c120043
_d120043